[Event "Skopje op"]
[Site "Skopje"]
[Date "2023.12.06"]
[Round "1"]
[White "Kuzmanoski, Oliver"]
[Black "Senel, Hayri Beyhun"]
[Result "0-1"]
[WhiteElo "1595"]
[BlackElo "1985"]
[PlyCount "64"]
[EventDate "2023.12.06"]
[EventType "swiss"]
[EventRounds "9"]
[EventCountry "MKD"]
[SourceTitle "CB50_2023"]
[SourceDate "2023.12.13"]
[SourceVersion "1"]
[SourceVersionDate "2023.12.13"]
[SourceQuality "1"]

1. e4 c5 2. a3 e6 3. e5 Nc6 4. f4 d6 5. Nf3 Qc7 6. Bb5 Bd7 7. Qe2 Nge7 8. c3 Ng6 9. d4 cxd4 10. cxd4 Nxd4 11. Bxd7+ Kxd7 12. Nxd4 Qxc1+ 13. Qd1 Qxd1+ 14. Kxd1 dxe5 15. fxe5 Nxe5 16. b4 a5 17. Re1 f6 18. b5 Bc5 19. Nb3 Bb6 20. a4 Ke7 21. N1d2 Rhd8 22. Ke2 Rac8 23. Ra2 Rc3 24. Rc1 Rdc8 25. Raa1 Re3+ 26. Kf1 Rd8 27. Re1 Red3 28. Ra2 Be3 29. Ke2 Bb6 30. Rb2 Re3+ 31. Kf1 Rxe1+ 32. Kxe1 Nd3+ 0-1

[Event "Ayvalik Armut"]
[Site "Ayvalik"]
[Date "2023.11.19"]
[Round "7"]
[White "Milanovic, Slavisa"]
[Black "Senel, Hayri Beyhun"]
[Result "1-0"]
[WhiteElo "2326"]
[BlackElo "1953"]
[PlyCount "56"]
[EventDate "2023.11.16"]
[EventType "schev"]
[EventRounds "10"]
[EventCountry "TUR"]
[SourceTitle "CB47_2023"]
[SourceDate "2023.11.22"]
[SourceVersion "1"]
[SourceVersionDate "2023.11.22"]
[SourceQuality "1"]
[WhiteTeam "Masters"]
[BlackTeam "Stars"]

1. c4 Nf6 2. Nc3 g6 3. e4 d6 4. d4 Bg7 5. h3 0-0 6. Be3 e5 7. d5 Na6 8. g4 Nc5 9. f3 a5 10. Nge2 h5 11. Qd2 Nh7 12. Rg1 hxg4 13. fxg4 f5 14. gxf5 gxf5 15. exf5 Bxf5 16. Ng3 Bg6 17. Qg2 Qh4 18. 0-0-0 Rf7 19. Be2 Kh8 20. Rdf1 Raf8 21. Nf5 Rxf5 22. Rxf5 Rxf5 23. Qxg6 Qf6 24. Qg4 e4 25. Kc2 Qf7 26. Nb5 Nd3 27. Nd4 Nb4+ 28. Kb1 Rh5 1-0